ŞU ACAYİP BÖCEKLER (Kayıt no. 925262)

MARC ayrıntıları
000 -LEADER
sabit uzunluktaki kontrol alanı 00250nam a2200097Ia 4500
001 - KONTROL NUMARASI
kontrol alanı 925262
005 - EN SON İŞLEMİN TARİH VE ZAMANI
kontrol alanı 20250826191536.0
008 - SABİT-UZUNLUKTA VERİ ÖĞELERİ--GENEL BİLGİ
sabit uzunluktaki kontrol alanı 250824s9999 xx 000 0 und d
245 #0 - ESER / YAZAR
ESER ADI ŞU ACAYİP BÖCEKLER
Yazar Adı TARIK USLU
260 ## - YAYIN, DAĞITIM, VB.
YAYIN EVİ UĞUR BÖCEĞİ YAYINLARI
Mevcut
Düşüm durumu Kayıp durumu Hasar Durumu Ödünç verilmez Ana kütüphane Geçerli Kütüphane Edinilen tarih Toplam ödünç verme sayısı Barkod Son görüntüleme tarihi Fiyatın geçerli olmaya başladığı tarih Koha materyal türü
        ERDEM BAYAZIT ORTAOKULU ERDEM BAYAZIT ORTAOKULU 24.08.2025   1052488 26.08.2025 26.08.2025 Kitaplar
Gemini Bilgi Teknolojileri A.Ş. tarafından düzenlenmiştir.